[Event "Brandenburg-ch Seniors 22nd"]
[Site "Berlin"]
[Date "2006.03.02"]
[Round "9"]
[White "Schiemann, Dieter"]
[Black "Forst, Wilhelm"]
[Result "1/2-1/2"]
[WhiteElo "1316"]
[BlackElo "1577"]
[PlyCount "112"]
[EventDate "2006.02.20"]
[EventType "swiss"]
[EventRounds "9"]
[EventCountry "GER"]
[SourceTitle "EXT 2007"]
[Source "ChessBase"]
[SourceDate "2006.11.23"]
[SourceVersion "1"]
[SourceVersionDate "2006.11.23"]
[SourceQuality "1"]

1. e4 c5 2. Nf3 Nc6 3. Bb5 e6 4. c3 a6 5. Bxc6 dxc6 6. d4 cxd4 7. cxd4 Ne7 8. 0-0 Qc7 9. Nc3 Bd7 10. Be3 h6 11. Re1 Rd8 12. Qb3 Ng6 13. d5 c5 14. Rac1 b5 15. Ne2 c4 16. Qc3 e5 17. b3 a5 18. Red1 Bb4 19. Qc2 Ba3 20. Rb1 0-0 21. bxc4 Qxc4 22. Qxc4 bxc4 23. Bb6 Ra8 24. Bc7 Bb4 25. Nxe5 Nxe5 26. Bxe5 Rfe8 27. Bc3 Rxe4 28. Bxb4 Rxe2 29. Bc5 Rc8 30. Be3 Rxa2 31. Ra1 Rxa1 32. Rxa1 a4 33. Kf1 c3 34. Ke1 Kf8 35. Kd1 c2+ 36. Kc1 Ke7 37. Ra2 Kd6 38. Rxc2 Rxc2+ 39. Kxc2 Kxd5 40. Kc3 Ke4 41. Bd4 g6 42. Bg7 h5 43. Bf8 g5 44. Be7 g4 45. Bh4 f5 46. Bg3 f4 47. Bh4 Be6 48. Be7 Bd7 49. Bd6 h4 50. g3 fxg3 51. fxg3 h3 52. Kd2 Kf3 53. Ke1 Kg2 54. Bc5 Kxh2 55. Kf2 Kh1 56. Ba3 Bc6 1/2-1/2

[Event "Brandenburg-ch Seniors 22nd"]
[Site "Berlin"]
[Date "2006.02.27"]
[Round "7"]
[White "Forst, Wilhelm"]
[Black "Gnass, Erhard"]
[Result "1/2-1/2"]
[WhiteElo "1577"]
[BlackElo "1435"]
[PlyCount "41"]
[EventDate "2006.02.20"]
[EventType "swiss"]
[EventRounds "9"]
[EventCountry "GER"]
[SourceTitle "EXT 2007"]
[Source "ChessBase"]
[SourceDate "2006.11.23"]
[SourceVersion "1"]
[SourceVersionDate "2006.11.23"]
[SourceQuality "1"]

1. e4 d5 2. exd5 Nf6 3. Nc3 Nxd5 4. Nxd5 Qxd5 5. Qf3 Qxf3 6. Nxf3 g6 7. d4 Bg7 8. c3 0-0 9. Bf4 c6 10. 0-0-0 Nd7 11. Bd3 Nb6 12. Rhe1 e6 13. h4 Nd5 14. Bg3 h5 15. Ne5 a5 16. Kc2 a4 17. a3 Ra5 18. Nc4 Ra7 19. Ne5 Ra5 20. Nc4 Ra7 21. Ne5 1/2-1/2

[Event "Brandenburg-ch Seniors 22nd"]
[Site "Berlin"]
[Date "2006.02.25"]
[Round "6"]
[White "Fleischer, Ernst"]
[Black "Forst, Wilhelm"]
[Result "1-0"]
[WhiteElo "1674"]
[BlackElo "1577"]
[PlyCount "122"]
[EventDate "2006.02.20"]
[EventType "swiss"]
[EventRounds "9"]
[EventCountry "GER"]
[SourceTitle "EXT 2007"]
[Source "ChessBase"]
[SourceDate "2006.11.23"]
[SourceVersion "1"]
[SourceVersionDate "2006.11.23"]
[SourceQuality "1"]

1. e4 e5 2. Bc4 Nf6 3. d3 Be7 4. Nc3 c6 5. a3 d5 6. exd5 cxd5 7. Bb5+ Nc6 8. Nf3 Qc7 9. h3 h6 10. 0-0 a6 11. Bxc6+ bxc6 12. Re1 Bd6 13. Nxe5 0-0 14. Nf3 Bd7 15. Be3 Rfd8 16. d4 Qc8 17. Ne5 Bxh3 18. gxh3 Qxh3 19. Qf3 Qxf3 20. Nxf3 Ng4 21. Bd2 h5 22. Ne5 c5 23. Nxg4 cxd4 24. Nxd5 hxg4 25. Nf4 Rac8 26. Rac1 Rc4 27. Nd3 f5 28. Kg2 Rdc8 29. Bb4 Bb8 30. b3 R4c6 31. f3 Rxc2+ 32. Rxc2 Rxc2+ 33. Kf1 Bg3 34. Re2 Rc6 35. fxg4 fxg4 36. Kg2 Bc7 37. Bc5 Rh6 38. Re8+ Kh7 39. Ne5 d3 40. Nxd3 Rh2+ 41. Kg1 Rd2 42. Ne1 Bh2+ 43. Kf1 g3 44. Ng2 a5 45. b4 Rc2 46. Re2 Rc4 47. Ne1 axb4 48. axb4 Kg6 49. Kg2 Kf5 50. Nf3 g6 51. Nd4+ Kg4 52. Re4+ Kh5 53. Re5+ Kg4 54. Re4+ Kh5 55. Re2 Rc1 56. Nf3 g5 57. Nxh2 gxh2 58. Kxh2 g4 59. Re5+ Kg6 60. Kg3 Rc2 61. Rd5 Rb2 1-0